000 00308nam a2200121Ia 4500
008 231129s1994||||xx |||||||||||||| ||spa||
082 _aER- 373
100 _aJiménez Vélez Carlos Alberto
245 0 _aJuego y cultura
260 _c1994
264 _aPereira: Pregón Publicidad 1994
942 _2ddc
_cBKS
999 _c16232
_d16232